[Event "Lubawka op 3rd"]
[Site "Lubawka"]
[Date "2008.07.09"]
[Round "6"]
[White "Cyborowski, Lukasz"]
[Black "Szumilas, Pawel"]
[Result "1-0"]
[WhiteElo "2546"]
[BlackElo "2164"]
[PlyCount "91"]
[EventDate "2008.07.05"]
[EventType "swiss"]
[EventRounds "9"]
[EventCountry "POL"]
[SourceTitle "CBM 125 Extra"]
[Source "ChessBase"]
[SourceDate "2008.09.01"]
[SourceVersion "1"]
[SourceVersionDate "2008.09.01"]
[SourceQuality "1"]

1. e4 c5 2. Nf3 g6 3. d4 cxd4 4. Nxd4 Bg7 5. c4 Nc6 6. Nc2 d6 7. Be2 Nf6 8. Nc3 Nd7 9. Bd2 0-0 10. 0-0 Nc5 11. f3 a5 12. Be3 a4 13. Qd2 Be6 14. Rac1 Qb6 15. Na3 Qb4 16. Rfd1 Rfc8 17. Bf1 h5 18. Qf2 Kh7 19. h3 Na5 20. Rc2 Nxc4 21. Nxc4 Bxc4 22. Bxc4 Qxc4 23. Nd5 Nxe4 24. Rxc4 Nxf2 25. Rxc8 Nxh3+ 26. gxh3 Rxc8 27. Nxe7 Re8 28. Nd5 Bxb2 29. Kf2 Kg7 30. Nb6 a3 31. Rxd6 Re7 32. Nc4 Rc7 33. Nxb2 axb2 34. Rb6 Rc2+ 35. Kg3 b1Q 36. Rxb1 Rxa2 37. Bd4+ Kf8 38. Rxb7 Ra6 39. Rb6 Ra8 40. Bf6 Rc8 41. Rd6 Ke8 42. h4 Ra8 43. Kf4 Rc8 44. Kg5 Ra8 45. Kh6 Rc8 46. Kg7 1-0

[Event "Lubawka op 3rd"]
[Site "Lubawka"]
[Date "2008.07.08"]
[Round "5"]
[White "Szumilas, Pawel"]
[Black "Wallgren, Ulf"]
[Result "1-0"]
[WhiteElo "2164"]
[BlackElo "2083"]
[PlyCount "63"]
[EventDate "2008.07.05"]
[EventType "swiss"]
[EventRounds "9"]
[EventCountry "POL"]
[SourceTitle "CBM 125 Extra"]
[Source "ChessBase"]
[SourceDate "2008.09.01"]
[SourceVersion "1"]
[SourceVersionDate "2008.09.01"]
[SourceQuality "1"]

1. e4 d5 2. exd5 Qxd5 3. Nc3 Qa5 4. d4 e5 5. Nf3 Bg4 6. Be2 Nc6 7. d5 0-0-0 8. Bd2 Nb4 9. a3 Nxd5 10. Nxe5 Bxe2 11. Qxe2 Ngf6 12. 0-0 Nxc3 13. Bxc3 Qd5 14. Rad1 Qe6 15. Rxd8+ Kxd8 16. Qe3 Nd5 17. Qxa7 Nxc3 18. Qb8+ Ke7 19. Qxc7+ Kf6 20. Nd7+ Kg5 21. Nxf8 Ne2+ 22. Kh1 Qd5 23. Qe7+ Kh6 24. Qxe2 Rxf8 25. Rd1 Qc6 26. Qd2+ g5 27. Qd6+ Kg7 28. Qxc6 bxc6 29. Kg1 Rb8 30. b3 Rb5 31. a4 Rc5 32. c4 1-0

[Event "POL-chT1"]
[Site "Chotowa"]
[Date "2007.09.10"]
[Round "8"]
[White "Murawski, Grzegorz"]
[Black "Szumilas, Pawel"]
[Result "1/2-1/2"]
[WhiteElo "2321"]
[BlackElo "2127"]
[PlyCount "120"]
[EventDate "2007.09.03"]
[EventType "team"]
[EventRounds "9"]
[EventCountry "POL"]
[SourceTitle "EXT 2009"]
[Source "ChessBase"]
[SourceDate "2008.11.26"]
[SourceVersion "1"]
[SourceVersionDate "2008.11.26"]
[SourceQuality "1"]

1. e4 c5 2. Nf3 g6 3. Nc3 Bg7 4. d4 cxd4 5. Nxd4 Nc6 6. Be3 Nf6 7. Bc4 0-0 8. Bb3 a5 9. a4 Ng4 10. Nxc6 Nxe3 11. Nxd8 Nxd1 12. Nxd1 Rxd8 13. c3 d6 14. Ne3 Be6 15. Bd5 Bxd5 16. Nxd5 e6 17. Nc7 Rac8 18. Nb5 d5 19. exd5 exd5 20. 0-0-0 d4 21. Kc2 dxc3 22. bxc3 Bf8 23. Rxd8 Rxd8 24. Re1 Bc5 25. Re2 Kg7 26. Kb3 Rd1 27. Kc4 b6 28. Nd4 Kf6 29. Rb2 h5 30. h3 Rg1 31. f3 h4 32. Nb3 Ba3 33. Re2 Be7 34. Nd2 Bf8 35. Kb5 Ra1 36. Nc4 Rb1+ 37. Rb2 Rc1 38. Nxb6 Bd6 39. c4 Ke6 40. Kxa5 Bc7 41. Kb5 Bxb6 42. Kxb6 Rxc4 43. a5 Kd7 44. a6 Rc6+ 45. Kb5 Kc7 46. Rb4 Re6 47. Re4 Rf6 48. Rc4+ Kb8 49. Rxh4 Rf5+ 50. Kc6 Rf6+ 51. Kd7 Rxa6 52. Rb4+ Ka7 53. Rg4 Kb6 54. Ke7 Ra7+ 55. Kf6 Kc6 56. h4 Kd5 57. Rf4 Ra2 58. g4 Ra7 59. Kg7 g5 60. Rf5+ Ke6 1/2-1/2

[Event "POL-chT1"]
[Site "Chotowa"]
[Date "2007.09.07"]
[Round "5"]
[White "Karbowiak, Adam"]
[Black "Szumilas, Pawel"]
[Result "1/2-1/2"]
[WhiteElo "2219"]
[BlackElo "2127"]
[PlyCount "96"]
[EventDate "2007.09.03"]
[EventType "team"]
[EventRounds "9"]
[EventCountry "POL"]
[SourceTitle "EXT 2009"]
[Source "ChessBase"]
[SourceDate "2008.11.26"]
[SourceVersion "1"]
[SourceVersionDate "2008.11.26"]
[SourceQuality "1"]

1. Nf3 Nf6 2. c4 g6 3. b4 Bg7 4. Bb2 d6 5. g3 0-0 6. Bg2 e5 7. d3 Nc6 8. b5 Ne7 9. Nbd2 h6 10. 0-0 c5 11. bxc6 Nxc6 12. Rb1 Be6 13. Qa4 Qd7 14. Qb5 Rab8 15. c5 Ne8 16. Nc4 Nc7 17. Qa4 dxc5 18. Qa3 Bxc4 19. dxc4 Ne6 20. Rfd1 Qc7 21. Nd2 Rfd8 22. Bd5 Ne7 23. Bxe6 fxe6 24. Ne4 b6 25. Qf3 Nf5 26. e3 Rf8 27. Qe2 Rfd8 28. Nc3 a6 29. a4 Rxd1+ 30. Rxd1 Rd8 31. Ne4 Nd6 32. Nxd6 Rxd6 33. e4 Qd7 34. Rxd6 Qxd6 35. f3 Kf7 36. Qc2 Bf6 37. Kf2 Bg5 38. Ke2 h5 39. Qd3 Ke7 40. Qxd6+ Kxd6 41. Kd3 Bd8 42. Kc3 Kc6 43. Kb3 Bc7 44. Bc1 b5 45. axb5+ axb5 46. Bg5 Ba5 47. Bf6 Bc7 48. Bg5 Ba5 1/2-1/2

[Event "POL-chT1"]
[Site "Chotowa"]
[Date "2007.09.06"]
[Round "4"]
[White "Szumilas, Pawel"]
[Black "Dudzinski, Pawel"]
[Result "1/2-1/2"]
[WhiteElo "2127"]
[BlackElo "2228"]
[PlyCount "135"]
[EventDate "2007.09.03"]
[EventType "team"]
[EventRounds "9"]
[EventCountry "POL"]
[SourceTitle "EXT 2009"]
[Source "ChessBase"]
[SourceDate "2008.11.26"]
[SourceVersion "1"]
[SourceVersionDate "2008.11.26"]
[SourceQuality "1"]

1. e4 c6 2. d4 d5 3. exd5 cxd5 4. c4 Nf6 5. Nc3 e6 6. Nf3 Bb4 7. cxd5 Nxd5 8. Bd2 Nc6 9. Bd3 Nf6 10. 0-0 0-0 11. Bg5 Be7 12. Rc1 Bd7 13. Bb1 Nb4 14. Re1 Rc8 15. Ne5 Nbd5 16. Qd3 g6 17. Qh3 Nxc3 18. bxc3 Nh5 19. Bh6 Ng7 20. Re3 Bc6 21. Rg3 Bd6 22. Bf4 Bxe5 23. Bxe5 f6 24. Bf4 Nf5 25. Bxf5 exf5 26. Bh6 Re8 27. Qxf5 Be4 28. Qf4 Bd5 29. Qd2 Bc4 30. Qc2 Kf7 31. h4 Re2 32. Qb1 Qb6 33. a4 Qxb1 34. Rxb1 b6 35. Rb4 Re1+ 36. Kh2 Re4 37. Kg1 Rxh4 38. Bd2 Re4 39. Re3 Rxe3 40. Bxe3 g5 41. f3 Ke6 42. Kf2 Kd5 43. Rb2 h5 44. g3 h4 45. gxh4 gxh4 46. Rb1 Bd3 47. Rh1 Rxc3 48. Rxh4 Rc2+ 49. Kg3 Ra2 50. Rh6 f5 51. Rh8 Rxa4 52. Rd8+ Kc6 53. d5+ Kc7 54. Bg5 Rd4 55. Bf6 Bc4 56. Ra8 Rxd5 57. Rxa7+ Kc6 58. Kf4 b5 59. Ra8 b4 60. Rc8+ Kb5 61. Rd8 Rxd8 62. Bxd8 Be6 63. Ke3 b3 64. Kd2 Ka4 65. Be7 f4 66. Kc3 Bd5 67. Bd6 Bxf3 68. Kb2 1/2-1/2

[Event "POL-chT1"]
[Site "Chotowa"]
[Date "2007.09.03"]
[Round "1"]
[White "Wieczorek, Zbigniew"]
[Black "Szumilas, Pawel"]
[Result "1-0"]
[WhiteElo "2301"]
[BlackElo "2127"]
[PlyCount "47"]
[EventDate "2007.09.03"]
[EventType "team"]
[EventRounds "9"]
[EventCountry "POL"]
[SourceTitle "EXT 2009"]
[Source "ChessBase"]
[SourceDate "2008.11.26"]
[SourceVersion "1"]
[SourceVersionDate "2008.11.26"]
[SourceQuality "1"]

1. e4 c5 2. b3 d6 3. Bb2 e5 4. Bb5+ Nd7 5. Ne2 Ngf6 6. d3 g6 7. Nd2 Bg7 8. Nc4 Qe7 9. f4 0-0 10. Bxd7 Nxd7 11. 0-0 f5 12. exf5 gxf5 13. Ng3 Nb6 14. Nh5 Nxc4 15. dxc4 Re8 16. Nxg7 Kxg7 17. fxe5 dxe5 18. Re1 Qf6 19. Qd5 Be6 20. Qxc5 Kg8 21. Bxe5 Qe7 22. Qf2 Kf7 23. Qf3 Kg8 24. Qg3+ 1-0

[Event "Polanica Zdroj op-A 43rd"]
[Site "Polanica Zdroj"]
[Date "2007.08.21"]
[Round "5"]
[White "Szumilas, Pawel"]
[Black "Betkowski, Andrzej"]
[Result "0-1"]
[WhiteElo "2127"]
[BlackElo "2224"]
[PlyCount "94"]
[EventDate "2007.08.17"]
[EventType "swiss"]
[EventRounds "10"]
[EventCountry "POL"]
[SourceTitle "CBM 120 Extra"]
[Source "ChessBase"]
[SourceDate "2007.11.01"]
[SourceVersion "1"]
[SourceVersionDate "2007.11.01"]
[SourceQuality "1"]

1. e4 g6 2. d4 Bg7 3. Nc3 d6 4. f4 c6 5. Nf3 Bg4 6. Be3 Qb6 7. Qd2 Nd7 8. Be2 e6 9. 0-0-0 Qc7 10. h3 Bxf3 11. Bxf3 Ne7 12. g4 Nb6 13. Be2 d5 14. e5 Nc4 15. Bxc4 dxc4 16. Ne4 b5 17. Nd6+ Kd7 18. f5 Nd5 19. fxe6+ fxe6 20. Rhf1 Raf8 21. Ne4 b4 22. c3 Qa5 23. Kb1 bxc3 24. Nxc3 Nxc3+ 25. Qxc3 Qxc3 26. bxc3 Rxf1 27. Rxf1 Rf8 28. Rxf8 Bxf8 29. Kc2 c5 30. g5 Kc6 31. Kd2 cxd4 32. Bxd4 a6 33. Ke3 Kd5 34. Kf4 Ba3 35. Be3 Be7 36. Bd4 Bd8 37. Be3 Bc7 38. Bd4 Bb8 39. a3 Bc7 40. h4 Bb8 41. a4 Bc7 42. Ke3 Bxe5 43. Bxe5 Kxe5 44. a5 Kf5 45. Kd4 e5+ 46. Kxc4 e4 47. Kd4 Kf4 0-1

[Event "Polanica Zdroj op-A 43rd"]
[Site "Polanica Zdroj"]
[Date "2007.08.19"]
[Round "3"]
[White "Szumilas, Pawel"]
[Black "Panas, Pawel"]
[Result "1/2-1/2"]
[WhiteElo "2127"]
[BlackElo "2226"]
[PlyCount "128"]
[EventDate "2007.08.17"]
[EventType "swiss"]
[EventRounds "10"]
[EventCountry "POL"]
[SourceTitle "CBM 120 Extra"]
[Source "ChessBase"]
[SourceDate "2007.11.01"]
[SourceVersion "1"]
[SourceVersionDate "2007.11.01"]
[SourceQuality "1"]

1. e4 c5 2. Nf3 e6 3. d4 cxd4 4. Nxd4 a6 5. Nc3 b5 6. Bd3 Qb6 7. Nb3 Qc7 8. 0-0 Nf6 9. f4 d6 10. Qe2 Nbd7 11. Bd2 Bb7 12. Rae1 b4 13. Nd1 Be7 14. e5 Nd5 15. c4 bxc3 16. Nxc3 g6 17. Rc1 Qb6+ 18. Kh1 Rb8 19. exd6 Bxd6 20. f5 gxf5 21. Bxf5 Ne5 22. Be4 Nxc3 23. Bxc3 Rg8 24. Rcd1 Ng4 25. Ba5 Qe3 26. Qxe3 Nxe3 27. Bxb7 Rxb7 28. Rxd6 Ke7 29. Re1 Kxd6 30. Rxe3 Rg5 31. Rd3+ Rd5 32. Rxd5+ Kxd5 33. Kg1 e5 34. Kf2 f6 35. Bc3 Rc7 36. Nd2 Rg7 37. Nf3 Ke4 38. Nd2+ Kd3 39. Nb3 Rc7 40. Nc1+ Kc2 41. Ne2 Kd3 42. g4 Rc5 43. h3 Rc4 44. Kf3 a5 45. Nc1+ Kc2 46. Ne2 Kd3 47. Ng3 a4 48. a3 Rf4+ 49. Kg2 Rc4 50. Nh5 Rc6 51. Kf2 Rc4 52. Ng3 Rf4+ 53. Kg2 Rc4 54. g5 fxg5 55. Bxe5 g4 56. hxg4 Rxg4 57. Kf3 Rc4 58. Bc3 Rxc3 59. bxc3 Kxc3 60. Ke3 Kb3 61. Kd3 Kxa3 62. Kc3 Ka2 63. Kc2 h6 64. Nh5 Ka3 1/2-1/2